Algunos de sus escritos y discursos / (Registro nro. 12979)
[ vista simple ]
| 000 -CABECERA | |
|---|---|
| campo de control de longitud fija | 00893nam a2200241 a 4500 |
| 001 - NÚMERO DE CONTROL | |
| campo de control | 000013351 |
| 005 - FECHA Y HORA DE LA ÚLTIMA TRANSACCIÓN | |
| campo de control | 20240530073931.0 |
| 008 - DATOS DE LONGITUD FIJA--INFORMACIÓN GENERAL | |
| campo de control de longitud fija | 091123s1977 dr 001 0 spa d |
| 040 ## - FUENTE DE LA CATALOGACIÓN | |
| Centro catalogador/agencia de origen | DO-SdBNP |
| Lengua de catalogación | spa |
| Centro/agencia transcriptor | BNPHU |
| 082 ## - NÚMERO DE LA CLASIFICACIÓN DECIMAL DEWEY | |
| Número de clasificación | RD864.44 |
| Número de documento/Ítem | C352a |
| 049 ## - FONDOS LOCALES (OCLC) | |
| Fondos de biblioteca | BNPD |
| 100 1# - ENTRADA PRINCIPAL--NOMBRE DE PERSONA | |
| Nombre de persona | Castillo Rodríguez-Objío, Luis Conrado del, |
| 9 (RLIN) | 30553 |
| 245 10 - MENCIÓN DE TÍTULO | |
| Título | Algunos de sus escritos y discursos / |
| Mención de responsabilidad, etc. | Luis C. Castillo Rodríguez-Objío. |
| 260 ## - PUBLICACIÓN, DISTRIBUCIÓN, ETC. | |
| Lugar de publicación, distribución, etc. | Santo Domingo : |
| Nombre del editor, distribuidor, etc. | Alfa y Omega, |
| Fecha de publicación, distribución, etc. | 1977. |
| 300 ## - DESCRIPCIÓN FÍSICA | |
| Extensión | 229 p. ; |
| Dimensiones | 22 cm. |
| 500 ## - NOTA GENERAL | |
| Nota general | Incluye bibliografía y notas al pie de páginas. |
| 590 ## - NOTA LOCAL (RLIN) | |
| Nota local | La biblioteca posee 2 ejemplares autografiados. |
| 650 #0 - PUNTO DE ACCESO ADICIONAL DE MATERIA--TÉRMINO DE MATERIA | |
| Término de materia o nombre geográfico como elemento de entrada | Ensayos dominicanos |
| 9 (RLIN) | 65 |
| 650 #4 - PUNTO DE ACCESO ADICIONAL DE MATERIA--TÉRMINO DE MATERIA | |
| Término de materia o nombre geográfico como elemento de entrada | Discursos |
| 9 (RLIN) | 6584 |
| 651 #4 - PUNTO DE ACCESO ADICIONAL DE MATERIA--NOMBRE GEOGRÁFICO | |
| Nombre geográfico | República Dominicana |
| Subdivisión general | Historia |
| -- | Ensayos, Conferencias, Etc. |
| 9 (RLIN) | 7095 |
| 651 #4 - PUNTO DE ACCESO ADICIONAL DE MATERIA--NOMBRE GEOGRÁFICO | |
| Nombre geográfico | República Dominicana |
| Subdivisión general | Vida Intelectual |
| 9 (RLIN) | 18809 |
| 910 ## - DATOS DE OPCIÓN DEL USUARIO (OCLC) | |
| Datos de opción del usuario | Validado. Control de calidad EMS |
| Estado de retiro | Estado de pérdida | Restricciones de uso | No para préstamo | Código de colección | Localización permanente | Ubicación/localización actual | Ubicación en estantería | Fecha de adquisición | Número de inventario | Total de préstamos | Signatura topográfica completa | Código de barras | Fecha visto por última vez | Número de copia | Precio válido a partir de | Tipo de ítem Koha | Nota pública |
|---|---|---|---|---|---|---|---|---|---|---|---|---|---|---|---|---|---|
| Préstamo interno | Dominicana de Servicio | General | General | Depósito | 23.11.2009 | LF1 | RD864.44 C352a | 13351-30 | 25.06.2020 | e. 3 | 25.06.2020 | Libro y Folleto Colección Dominicana de Servicio | |||||
| Préstamo interno | Dominicana de Servicio | General | General | Depósito | 06.09.2011 | LF1 | RD864.44 C352a | 13351-40 | 25.06.2020 | e. 4 | 25.06.2020 | Libro y Folleto Colección Dominicana de Servicio | |||||
| Préstamo interno | Dominicana de Servicio | General | General | Depósito | 31.01.2012 | LF1 | RD864.44 C352a | 13351-50 | 25.06.2020 | e. 5 | 25.06.2020 | Libro y Folleto Colección Dominicana de Servicio | |||||
| Excluido de préstamo | Patrimonio Dominicano | Patrimonio Dominicano | Patrimonio Dominicano | Depósito | 23.11.2009 | LF1 | RD864.44 C352a | 13351-10 | 25.06.2020 | 25.06.2020 | Libro y Folleto Colección Patrimonio Dominicano | Perteneció a la biblioteca personal de Germán Emilio Ornes. | |||||
| Excluido de préstamo | Patrimonio Dominicano | Patrimonio Dominicano | Patrimonio Dominicano | Depósito | 23.11.2009 | LF1 | RD864.44 C352a | 13351-20 | 25.06.2020 | e. 2 | 25.06.2020 | Libro y Folleto Colección Patrimonio Dominicano |
